000 00528nam a2200169Ia 4500
008 090201s9999 xx 000 0 und d
010 _aKPL-37240
040 _bमराठी
041 _aमराठी
082 _a14398
_b37240
100 _aरा ग जाधव
245 _aअश्वत्थाची सळसळ
_cरा ग जाधव
260 _c2004
_bपरिमल प्रकाशन
300 _a87
_bमोठा
600 _aअश्वत्थाची सळसळ
942 _cBOOK
999 _c214584
_d214584